[Event "BCF-chT2 0506 (4NCL)"]
[Site "Birmingham"]
[Date "2005.10.22"]
[Round "1.1"]
[White "Woodward, Timothy"]
[Black "Mah, Karl"]
[Result "1/2-1/2"]
[WhiteElo "2334"]
[BlackElo "2425"]
[PlyCount "83"]
[EventDate "2005.10.22"]
[EventType "team"]
[EventRounds "11"]
[EventCountry "ENG"]
[SourceTitle "EXT 2007"]
[Source "ChessBase"]
[SourceDate "2006.11.23"]
[SourceVersion "1"]
[SourceVersionDate "2006.11.23"]
[SourceQuality "1"]
[WhiteTeam "Wood Green III"]
[BlackTeam "Cambridge"]
[WhiteTeamCountry "ENG"]
[BlackTeamCountry "ENG"]

1. d4 d5 2. c4 c6 3. Nf3 Nf6 4. Nc3 dxc4 5. a4 Bf5 6. Ne5 Nbd7 7. Nxc4 Nb6 8. Ne5 a5 9. g3 e6 10. Bg2 Bb4 11. 0-0 0-0 12. e3 h6 13. Qe2 Bh7 14. Rd1 Nfd5 15. Bd2 Nc7 16. Be1 Re8 17. e4 Na6 18. f4 f6 19. Nf3 Bf8 20. Bf2 Nb4 21. Rac1 Kh8 22. Kh1 Nd7 23. Rd2 Qe7 24. Qd1 Rad8 25. Ng1 e5 26. dxe5 fxe5 27. f5 Na6 28. Qe1 Ndc5 29. Rcd1 Bg8 30. g4 Rxd2 31. Rxd2 Nb4 32. Bh4 Qf7 33. g5 Nbd3 34. g6 Qc4 35. Qg3 Nf4 36. f6 Nh5 37. fxg7+ Bxg7 38. Qf3 Nf4 39. Bf1 Qb3 40. Nh3 Rf8 41. Be7 Nxg6 42. Bxf8 1/2-1/2

[Event "BCF-chT3 0405 (4NCL)"]
[Site "Telford"]
[Date "2005.02.27"]
[Round "6.2"]
[White "Mah, Karl"]
[Black "Adams, Philip"]
[Result "1-0"]
[WhiteElo "2425"]
[BlackElo "2120"]
[PlyCount "75"]
[EventDate "2004.11.06"]
[EventType "team"]
[EventRounds "11"]
[EventCountry "ENG"]
[SourceTitle "EXT 2006"]
[Source "ChessBase"]
[SourceDate "2005.11.24"]
[SourceVersion "1"]
[SourceVersionDate "2005.11.24"]
[SourceQuality "1"]
[WhiteTeam "Cambridge"]
[BlackTeam "Numerica 3CS II"]
[WhiteTeamCountry "ENG"]
[BlackTeamCountry "ENG"]

1. c4 Nf6 2. Nc3 e5 3. g3 Bb4 4. Bg2 0-0 5. Nf3 e4 6. Ng5 Bxc3 7. bxc3 Re8 8. 0-0 h6 9. Nh3 d6 10. f3 Nc6 11. fxe4 Nxe4 12. Nf4 Bd7 13. d3 Nc5 14. e4 Qc8 15. Nd5 Bg4 16. Qc2 Nd7 17. Qf2 Rf8 18. Ne3 Nde5 19. Nxg4 Qxg4 20. Qc2 Rab8 21. Be3 Qd7 22. Kh1 b6 23. Rf4 Ng6 24. Rf2 Nce5 25. h3 c5 26. Kh2 Rfc8 27. Bf1 a6 28. a4 a5 29. Rb1 Rc7 30. Rb5 h5 31. d4 cxd4 32. cxd4 Nxc4 33. Bxc4 Qc8 34. Bxf7+ Rxf7 35. Qb3 Qd7 36. Rxh5 Kf8 37. Rxf7+ Qxf7 38. Rf5 1-0

[Event "Smith & Williamson YM 13th"]
[Site "Millfield"]
[Date "2003.07.13"]
[Round "5"]
[White "Hanley, Craig"]
[Black "Mah, Karl"]
[Result "1/2-1/2"]
[WhiteElo "2387"]
[BlackElo "2418"]
[PlyCount "85"]
[EventDate "2003.07.09"]
[EventType "swiss"]
[EventRounds "9"]
[EventCountry "ENG"]
[SourceTitle "CBM 095 Extra"]
[Source "ChessBase"]
[SourceDate "2003.09.04"]
[SourceVersion "1"]
[SourceVersionDate "2003.09.04"]
[SourceQuality "1"]

1. e4 c5 2. c3 Nf6 3. e5 Nd5 4. Nf3 e6 5. d4 cxd4 6. cxd4 d6 7. Bc4 Nc6 8. 0-0 Be7 9. a3 0-0 10. Qe2 Bd7 11. Bd3 f5 12. exf6 Bxf6 13. Qe4 g6 14. h4 Bg7 15. Bg5 Nf6 16. Qe2 Qb6 17. Nc3 Nxd4 18. Nxd4 Qxd4 19. Bb5 Bc8 20. Rfd1 Qb6 21. Na4 Qd8 22. h5 a6 23. Bc4 Qa5 24. Bxe6+ Bxe6 25. Qxe6+ Kh8 26. h6 Qxg5 27. hxg7+ Kxg7 28. Qxd6 Rac8 29. b4 Rc6 30. Qd4 Qg4 31. Qxg4 Nxg4 32. Nc5 Rf7 33. f3 Ne3 34. Rd3 Nc4 35. Re1 Rd6 36. Rxd6 Nxd6 37. a4 Kh6 38. Re6 Nc8 39. Kf2 Rf4 40. Ne4 Kg7 41. Ke3 Rf5 42. g4 Rf7 43. b5 1/2-1/2

[Event "Smith & Williamson YM 13th"]
[Site "Millfield"]
[Date "2003.07.12"]
[Round "4"]
[White "Mah, Karl"]
[Black "Dearing, Eddie"]
[Result "1/2-1/2"]
[WhiteElo "2418"]
[BlackElo "2367"]
[PlyCount "62"]
[EventDate "2003.07.09"]
[EventType "swiss"]
[EventRounds "9"]
[EventCountry "ENG"]
[SourceTitle "CBM 095 Extra"]
[Source "ChessBase"]
[SourceDate "2003.09.04"]
[SourceVersion "1"]
[SourceVersionDate "2003.09.04"]
[SourceQuality "1"]

1. e4 e5 2. Nf3 Nc6 3. Bb5 a6 4. Ba4 Nf6 5. 0-0 Be7 6. Re1 b5 7. Bb3 0-0 8. c3 d5 9. exd5 Nxd5 10. Nxe5 Nxe5 11. Rxe5 c6 12. d4 Bd6 13. Re1 Qh4 14. g3 Qh3 15. Re4 g5 16. Qe2 f5 17. Bxd5+ cxd5 18. Re6 f4 19. Rxd6 Bg4 20. Qf1 Qxf1+ 21. Kxf1 Rae8 22. Bd2 Bh3+ 23. Kg1 fxg3 24. hxg3 Re2 25. Be3 Rxe3 26. fxe3 Rf1+ 27. Kh2 g4 28. Rxa6 Rf2+ 29. Kh1 Rf1+ 30. Kh2 Rf2+ 31. Kh1 Rf1+ 1/2-1/2

[Event "Smith & Williamson YM 13th"]
[Site "Millfield"]
[Date "2003.07.11"]
[Round "3"]
[White "Haslinger, Stewart"]
[Black "Mah, Karl"]
[Result "0-1"]
[WhiteElo "2414"]
[BlackElo "2418"]
[PlyCount "106"]
[EventDate "2003.07.09"]
[EventType "swiss"]
[EventRounds "9"]
[EventCountry "ENG"]
[SourceTitle "CBM 095 Extra"]
[Source "ChessBase"]
[SourceDate "2003.09.04"]
[SourceVersion "1"]
[SourceVersionDate "2003.09.04"]
[SourceQuality "1"]

1. e4 d6 2. d4 g6 3. Nc3 Bg7 4. Be3 Nd7 5. Nf3 a6 6. a4 b6 7. Bc4 e6 8. Qd2 h6 9. h3 Bb7 10. d5 e5 11. g4 Ne7 12. Qe2 0-0 13. Qd2 Kh7 14. h4 f5 15. gxf5 gxf5 16. exf5 Nxf5 17. Bd3 Nc5 18. 0-0-0 Nxd3+ 19. Qxd3 Kh8 20. Ne4 Qd7 21. Bd2 Qxa4 22. Kb1 Nd4 23. Nxd4 Qxd4 24. Bxh6 Bxh6 25. Qe2 Qa4 26. Ng5 Qe8 27. Ne6 Rf7 28. Rhg1 Bxd5 29. Ng5 Bxg5 30. Qh5+ Rh7 31. Qxg5 Qf7 32. Rxd5 Rg8 33. Qxg8+ Qxg8 34. Rxg8+ Kxg8 35. Rd3 Rxh4 36. Rg3+ Kf8 37. Rc3 Rh7 38. Kc1 Ke8 39. Kd2 a5 40. Ke2 Kd7 41. Rg3 Rh4 42. b3 Rf4 43. Rg8 Kc6 44. Rb8 Kc5 45. Rc8 c6 46. Ra8 d5 47. Re8 e4 48. Ra8 Rf6 49. Rb8 b5 50. Ra8 Kb4 51. Ra6 Kc3 52. Kd1 Rh6 53. Rb6 d4 0-1

[Event "Smith & Williamson YM 12th"]
[Site "Millfield"]
[Date "2002.07.17"]
[Round "9"]
[White "Palliser, Richard"]
[Black "Mah, Karl"]
[Result "1/2-1/2"]
[WhiteElo "2441"]
[BlackElo "2409"]
[PlyCount "74"]
[EventDate "2002.07.10"]
[EventType "swiss"]
[EventRounds "9"]
[EventCountry "ENG"]
[SourceTitle "CBM 089 Extra"]
[Source "ChessBase"]
[SourceDate "2002.09.10"]
[SourceVersion "2"]
[SourceVersionDate "2002.09.10"]
[SourceQuality "1"]

1. d4 d5 2. c4 c6 3. Nf3 e6 4. Nc3 Nf6 5. Bg5 Nbd7 6. e3 Qa5 7. Nd2 dxc4 8. Bxf6 Nxf6 9. Nxc4 Qc7 10. Be2 Be7 11. 0-0 0-0 12. a3 Rd8 13. Rc1 Bd7 14. b4 Be8 15. Qb3 Rac8 16. Bf3 Nd5 17. Ne4 b6 18. Ne5 Qb8 19. g3 Qa8 20. Nc3 a6 21. Rc2 Bf6 22. Nd3 Qa7 23. Rfc1 Rb8 24. Ne4 Be7 25. Ne5 a5 26. Nxc6 Bxc6 27. Rxc6 axb4 28. axb4 Bxb4 29. Ng5 Qa3 30. Bxd5 exd5 31. Qb1 g6 32. h4 Be7 33. R1c3 Qa4 34. Nf3 b5 35. h5 b4 36. Rc1 Kg7 37. Rc7 Bd6 1/2-1/2

[Event "Smith & Williamson YM 12th"]
[Site "Millfield"]
[Date "2002.07.13"]
[Round "5"]
[White "Skytte, Rasmus"]
[Black "Mah, Karl"]
[Result "1/2-1/2"]
[WhiteElo "2366"]
[BlackElo "2409"]
[PlyCount "54"]
[EventDate "2002.07.10"]
[EventType "swiss"]
[EventRounds "9"]
[EventCountry "ENG"]
[SourceTitle "CBM 089 Extra"]
[Source "ChessBase"]
[SourceDate "2002.09.10"]
[SourceVersion "2"]
[SourceVersionDate "2002.09.10"]
[SourceQuality "1"]

1. e4 c5 2. d4 cxd4 3. c3 dxc3 4. Nxc3 Nc6 5. Nf3 d6 6. Bc4 e6 7. 0-0 Nf6 8. Qe2 Be7 9. Rd1 e5 10. h3 0-0 11. Bg5 Be6 12. Rd2 Rc8 13. Bb5 Qc7 14. Ba4 a6 15. Rad1 Rfd8 16. Nd5 Bxd5 17. exd5 Nb4 18. Bb3 a5 19. Nxe5 a4 20. Bxa4 Ra8 21. Ng4 Rxa4 22. Bxf6 Bxf6 23. Nxf6+ gxf6 24. b3 Rxa2 25. Qg4+ Kh8 26. Qxb4 Rxd2 27. Qxd2 Rc8 1/2-1/2